Ferrocarrils de la Generalitat de Catalunya (FGC) - Vallès - Parades - Estadísticas

Estadísticas generales
  • Esta prueba ha sido intentada 247 veces
  • La puntuación promedio es 54 de 63
Estadísticas de respuestas
Respuesta % Correcto
Plaça Catalunya
99%
Plaça Catalunya
99%
Plaça Catalunya
99%
Plaça Catalunya
99%
Sant Cugat Centre
97%
Sant Cugat Centre
97%
Sarrià
97%
Sarrià
97%
Sarrià
97%
Sarrià
97%
Gràcia
95%
Gràcia
95%
Gràcia
95%
Gràcia
95%
Provença
94%
Provença
94%
Provença
94%
Provença
94%
Les Tres Torres
91%
Les Tres Torres
91%
Les Tres Torres
91%
Reina Elisenda
91%
Universitat Autònoma
90%
Avinguda Tibidabo
89%
Sant Gervasi
89%
Sant Gervasi
89%
Sant Gervasi
89%
La Bonanova
87%
La Bonanova
87%
La Bonanova
87%
Muntaner
87%
Muntaner
87%
Muntaner
87%
Rubí Centre
87%
Peu del Funicular
86%
La Floresta
85%
La Floresta
85%
Peu del Funicular
85%
Baixador de Vallvidrera
84%
Baixador de Vallvidrera
84%
Les Planes
82%
Les Planes
82%
Sabadell Nord
82%
Valldoreix
82%
Valldoreix
82%
El Putxet
81%
Bellaterra
80%
Plaça Molina
78%
Sant Joan
77%
Sant Quirze
77%
Volpelleres
77%
Terrassa Nacions Unides
75%
Hospital General
74%
Can Feu / Gràcia
73%
Pàdua
73%
Mira-sol
71%
Sabadell Parc del Nord
69%
Terrassa-Rambla
69%
Vallparadís Universitat
69%
Les Fonts
65%
Sabadell Plaça Major
63%
Terrassa Estació del Nord
62%
La Creu Alta
61%
No se encontraron pruebas coincidentes
Distribución de puntuación
Porcentaje de gente con cada puntuación
Porcentaje por número respondido
Historial de tus puntuaciones
No has intentado esta prueba.